| 000 | 00000nam 2200000za 4500 |
| 001 | 9.846385 |
| 003 | CaOODSP |
| 005 | 20221107153206 |
| 007 | cr ||||||||||| |
| 008 | 171031s1957 onc |o f|0| 0 eng d |
| 040 | |aCaOODSP|beng |
| 043 | |an-cn--- |
| 086 | 1 |aCS13-D-68/1957E-PDF |
| 100 | 1 |aLoosmore, R. J. |
| 245 | 00|aGuide to statistics published on a regional basis by the Industry and Merchandising Division |h[electronic resource] / |cR. J. Loosmore. |
| 260 | |a[Ottawa] : |bDominion Bureau of Statistics, |c1957. |
| 300 | |a33 p. |
| 500 | |aCover title. |
| 500 | |a"July, 1957." |
| 500 | |a"For office use." |
| 500 | |aDigitized edition from print [produced by Statistics Canada]. |
| 520 | |a"This guide was designed to facilitate work on statistics for areas less than Canada as a whole. It deals only with published material, and covers the activities of the Industry and Merchandising Division"--p. [i]. |
| 692 | 07|2gccst|aStatistics |
| 692 | 07|2gccst|aRetail trade |
| 692 | 07|2gccst|aWholesale trade |
| 692 | 07|2gccst|aManufacturing industry |
| 692 | 07|2gccst|aMining industry |
| 692 | 07|2gccst|aForestry |
| 692 | 07|2gccst|aFisheries |
| 710 | 1 |aCanada. |bDominion Bureau of Statistics. |bIndustry and Merchandising Division. |
| 856 | 40|qPDF|s6.19 MB|uhttps://publications.gc.ca/collections/collection_2017/statcan/CS13-D-68-1957-eng.pdf |
| 986 | |a13-D-68 |